[Event "Women's Speed Chess Q7"]
[Site "chess.com INT"]
[Date "2021.06.06"]
[Round "7"]
[White "Antolak, Julia"]
[Black "Doluhanova, Evgeniya"]
[Result "1-0"]
[WhiteTitle "WIM"]
[BlackTitle "WGM"]
[WhiteElo "2309"]
[BlackElo "2192"]
[WhiteFideId "1159569"]
[BlackFideId "14112035"]
[EventDate "2021.06.06"]

1. e4 e5 2. Nf3 Nc6 3. Bb5 Nf6 4. d4 Nxe4 5. d5 Nd4 6. Nxd4 exd4 7. O-O Nd6 8.
Re1+ Be7 9. Bf1 O-O 10. Qxd4 Bf6 11. Qg4 Re8 12. Rd1 Ne4 13. Bd3 d6 14. Qf4 Nc5
15. Bf1 Be5 16. Qf3 Qf6 17. Qxf6 Bxf6 18. Nc3 Bf5 19. Be3 Bxc2 20. Rdc1 Bg6 21.
Nb5 Bxb2 22. Nxc7 Bxa1 23. Nxa8 Bf6 24. Nc7 Rc8 25. Nb5 Rd8 26. Nxa7 Nd3 27. Rd1
Nb4 28. a3 Nc2 29. Bb6 Ra8 30. Nb5 Nxa3 31. Nxd6 h6 32. Bc5 Nc2 33. Nxb7 Rb8 34.
Ba6 Ra8 35. Bf1 Bh5 36. f3 Bg6 37. Bd3 Bxd3 38. Rxd3 Rb8 39. Nd6 Rc8 40. Ne4 Ra8
41. d6 Ra1+ 42. Kf2 Bd8 43. d7 Ra2 44. Kg3 Kh7 45. Bd6 h5 46. Rc3 h4+ 47. Kh3
Ne1 48. Bc7 Bxc7 49. Rxc7 Ra8 50. Rc8 Rxc8 51. dxc8=Q 1-0

[Event "Women's Speed Chess Q7"]
[Site "chess.com INT"]
[Date "2021.06.06"]
[Round "7"]
[White "Cori T., Deysi"]
[Black "Zhuravleva, Olga"]
[Result "1-0"]
[WhiteTitle "WGM"]
[BlackTitle "WIM"]
[WhiteElo "2388"]
[BlackElo "2278"]
[WhiteFideId "3801934"]
[BlackFideId "4145933"]
[EventDate "2021.06.06"]

1. Nf3 g6 2. d4 Bg7 3. g3 d6 4. Bg2 Nc6 5. O-O e5 6. dxe5 Nxe5 7. Nbd2 Nxf3+ 8.
Nxf3 Nf6 9. c3 O-O 10. Qb3 Rb8 11. Rd1 Be6 12. Qa3 a6 13. Nd4 Bd7 14. c4 Re8 15.
Bg5 h6 16. Bf4 Qe7 17. Rac1 Ng4 18. h3 Ne5 19. c5 g5 20. cxd6 cxd6 21. Be3 Qf6
22. Nb3 Bf8 23. Nd2 Bb5 24. Ne4 Qg6 25. Qb3 Bxe2 26. Rd2 Bf3 27. Nc3 Bxg2 28.
Kxg2 Qf5 29. Qd1 Rbd8 30. Bd4 Nc4 31. Re2 Ne5 32. Re4 d5 33. Re3 Nc4 34. Rf3 Qg6
35. b3 Nd6 36. Nxd5 Nf5 37. Nf6+ Qxf6 38. Bxf6 Rxd1 39. Rxd1 Ng7 40. Bxg7 Bxg7
41. Rd7 Rf8 42. Rxb7 Bd4 43. Rd3 Bc5 44. Rdd7 a5 45. Rb5 Bb4 46. a3 Bxa3 47.
Rxa5 Bb4 48. Rb5 Bc3 49. Rbb7 Kg7 50. b4 Kg6 51. b5 f6 52. g4 f5 53. Rd6+ Rf6
54. Rxf6+ Kxf6 55. Rb6+ Ke5 56. Rxh6 f4 57. b6 Ke4 58. b7 f3+ 59. Kf1 Be5 60.
Re6 Kf4 61. Rxe5 Kxe5 62. b8=Q+ Ke4 63. Qb3 Kf4 64. Qe3# 1-0

[Event "Women's Speed Chess Q7"]
[Site "chess.com INT"]
[Date "2021.06.06"]
[Round "7"]
[White "Vantika, Agrawal"]
[Black "Szente Varga, Fruzsina"]
[Result "0-1"]
[WhiteTitle "WIM"]
[BlackTitle "WFM"]
[WhiteElo "2286"]
[BlackElo "2100"]
[WhiteFideId "25050389"]
[BlackFideId "712264"]
[EventDate "2021.06.06"]

1. b3 Nf6 2. Bb2 d5 3. e3 c5 4. Nf3 Nc6 5. Bb5 e6 6. O-O Be7 7. d4 O-O 8. dxc5
Bxc5 9. a3 a6 10. Bd3 Re8 11. c4 e5 12. cxd5 Qxd5 13. Be2 Be6 14. b4 Bf8 15. Nc3
Qxd1 16. Rfxd1 Rad8 17. h3 h6 18. g4 e4 19. Nd2 Bc8 20. Nc4 h5 21. gxh5 Bxh3 22.
Kh2 Bg4 23. Bxg4 Nxg4+ 24. Kg3 Nge5 25. Nxe5 Rxd1 26. Rxd1 Rxe5 27. h6 gxh6 28.
Kg2 Rg5+ 29. Kf1 f5 30. Nd5 Kh7 31. Nf6+ Kg6 32. Nd7 Be7 33. Rd5 f4 34. Rxg5+
hxg5 35. Ke2 Kf5 36. Nb6 f3+ 37. Kd2 Ne5 38. Bxe5 Kxe5 39. Nd7+ Ke6 40. Nb6 g4
41. Nc4 Kd5 42. Nb6+ Kc6 43. Nc4 a5 44. Nxa5+ Kd5 45. Nb3 Bh4 46. Kd1 Bxf2 47.
Kd2 g3 48. Nd4 g2 49. Ne2 g1=Q 50. Nxg1 Bxg1 51. Kc3 Bxe3 52. Kb3 Bd4 53. Ka4 f2
54. Ka5 f1=Q 55. b5 Qc4 56. a4 b6+ 57. Ka6 Qc8+ 58. Ka7 Qc7+ 59. Ka6 Be5 60. a5
Qc8+ 61. Ka7 Qb8+ 62. Ka6 bxa5 63. b6 a4 64. b7 a3 65. Kb6 a2 66. Kb5 a1=Q 67.
Kb6 Qb2+ 68. Ka6 Q8xb7+ 69. Ka5 Qa7# 0-1

[Event "Women's Speed Chess Q7"]
[Site "chess.com INT"]
[Date "2021.06.06"]
[Round "7"]
[White "Pourkashiyan, Atousa"]
[Black "Nguyen, Hong Ngoc"]
[Result "1-0"]
[WhiteTitle "WGM"]
[BlackTitle "WCM"]
[WhiteElo "2322"]
[BlackElo "1957"]
[WhiteFideId "12502014"]
[BlackFideId "12403083"]
[EventDate "2021.06.06"]

1. e4 c5 2. Nf3 d6 3. d4 cxd4 4. Nxd4 Nf6 5. Nc3 a6 6. Be2 e6 7. Nb3 Nc6 8. O-O
b5 9. f4 Bb7 10. a3 Be7 11. Be3 O-O 12. Bf3 Qc7 13. Kh1 Rfd8 14. Qe1 d5 15. exd5
Nxd5 16. Nxd5 exd5 17. Nd4 Bf6 18. Nxc6 Bxc6 19. c3 Re8 20. Qf2 Rad8 21. Rad1
Re7 22. Bb6 Qd7 23. Bxd8 Qxd8 24. Qc5 Re6 25. Bxd5 Bxd5 26. Qxd5 Qe8 27. h3 g6
28. f5 Re5 29. Qd6 Bg7 30. fxg6 hxg6 31. Qxa6 Kh7 32. Qb7 Re7 33. Qd5 f5 34. Qd6
Qf7 35. Qc5 Re5 36. Qd6 Re2 37. Rd2 Re6 38. Qd5 Qe8 39. Qd7 Qg8 40. Qxb5 Re3 41.
Qd5 Qe8 42. a4 Qb8 43. a5 Qa7 44. Ra1 Qa6 45. Qd6 Qa8 46. a6 Qa7 47. Qd7 Qc5 48.
a7 f4 49. a8=Q f3 50. Qf7 fxg2+ 51. Qxg2 Qb6 52. Rg1 Re6 53. Rf2 Qd6 54. Qfxg6+
Rxg6 55. Qxg6+ Qxg6 56. Rxg6 Kxg6 57. Rg2+ Kh5 58. Rxg7 Kh4 59. Rg8 Kh5 60. b4
Kh6 61. b5 Kh7 62. Rg2 Kh6 63. b6 Kh5 64. b7 Kh4 65. b8=Q Kxh3 66. Qh8# 1-0

[Event "Women's Speed Chess Q7"]
[Site "chess.com INT"]
[Date "2021.06.06"]
[Round "7"]
[White "Hng, Mei-En Emmanuelle"]
[Black "Kabanova, Ekaterina"]
[Result "0-1"]
[WhiteTitle "WFM"]
[BlackTitle "WFM"]
[WhiteElo "2013"]
[BlackElo "2138"]
[WhiteFideId "5804566"]
[BlackFideId "24112917"]
[EventDate "2021.06.06"]

1. e4 c5 2. d4 cxd4 3. c3 dxc3 4. Nxc3 e6 5. Bc4 a6 6. Nf3 d6 7. O-O b5 8. Bb3
Ra7 9. Be3 Rd7 10. Qe2 Bb7 11. Rfd1 Be7 12. Rac1 Nc6 13. Nd4 Nxd4 14. Bxd4 Nf6
15. e5 dxe5 16. Bxe5 O-O 17. Rxd7 Qxd7 18. a4 b4 19. Nd1 Rc8 20. Rxc8+ Qxc8 21.
h3 Qc6 22. Ne3 h6 23. Qd3 Bc5 24. Bxf6 gxf6 25. f3 f5 26. Kf1 f4 27. Nc4 Qd5 28.
Bc2 Qxd3+ 29. Bxd3 Bd5 30. b3 Bxc4 31. Bxc4 a5 32. Ke2 Kg7 33. Kd3 Kf6 34. Ke4
Bd6 35. Bd3 Ke7 36. Bc4 f5+ 37. Kd3 Kd7 38. h4 Kc6 39. h5 Kc5 40. Bxe6 Bc7 41.
Bxf5 Kd5 42. Be4+ Kc5 43. Bb7 Kb6 44. Bd5 Kc5 45. Ke4 Bd6 46. Bc4 Bc7 47. Kf5
Kd4 48. Kg6 Ke3 49. Kxh6 Kf2 50. Kg6 Kxg2 51. Bd5 Kf2 52. h6 Ke3 53. h7 Be5 54.
Kf5 Kd4 55. Kg6 Kxd5 56. Kf7 Kd4 57. Kg8 Ke3 58. h8=Q Bxh8 59. Kxh8 Kxf3 60. Kg7
Ke3 61. Kf6 f3 62. Ke5 f2 63. Kd6 f1=Q 64. Kc5 Qd3 65. Kb6 Qd5 66. Ka6 Kd3 67.
Kb6 Kc3 68. Ka6 Kxb3 69. Kb6 Kxa4 70. Ka6 Qb5+ 71. Ka7 Kb3 72. Ka8 a4 73. Ka7 a3
74. Ka8 a2 75. Ka7 a1=Q# 0-1

[Event "Women's Speed Chess Q7"]
[Site "chess.com INT"]
[Date "2021.06.06"]
[Round "7"]
[White "Batsiashvili, Nino"]
[Black "Luong, Phuong Hanh"]
[Result "1/2-1/2"]
[WhiteTitle "GM"]
[BlackTitle "WIM"]
[WhiteElo "2491"]
[BlackElo "2229"]
[WhiteFideId "13602993"]
[BlackFideId "12401013"]
[EventDate "2021.06.06"]

1. d4 Nf6 2. Nf3 g6 3. g3 Bg7 4. Bg2 O-O 5. O-O d5 6. b3 a5 7. Bb2 a4 8. c4 axb3
9. axb3 Rxa1 10. Bxa1 c6 11. Nc3 dxc4 12. bxc4 Na6 13. e3 Be6 14. Ne5 Nd7 15.
Nxd7 Qxd7 16. d5 cxd5 17. cxd5 Bh3 18. e4 Nc5 19. Qe2 Ra8 20. Bb2 h5 21. Bxh3
Qxh3 22. e5 Qf5 23. Nb5 Ra2 24. d6 exd6 25. Nxd6 Qe6 26. Qb5 Bxe5 27. Bxe5 Qxe5
28. Nxb7 Rc2 29. Nxc5 Rxc5 30. Qd3 Rd5 31. Qf3 Rd2 32. h4 Kg7 33. Kg2 Qb2 34.
Kg1 Rc2 35. Kg2 Qe5 36. Kg1 Rc3 37. Qd1 Qc5 38. Kg2 Qc6+ 39. Kg1 Qb6 40. Kg2
Qc6+ 41. Kg1 Kh7 42. Qd4 Rc4 43. Qe3 Rc3 44. Qf4 Qd7 45. Re1 Rc2 46. Rf1 Ra2 47.
Re1 Ra4 48. Qf6 Ra7 49. Rf1 Qc7 50. Re1 Qc5 51. Rf1 Rd7 52. Re1 Qb4 53. Re3 Rd1+
54. Kh2 Qb7 55. Rf3 Kg8 56. Qf4 Rd7 57. Kg2 Re7 58. Kh2 Rd7 59. Qf6 Rc7 60. Qf4
Rc6 61. Qe3 Rc7 62. Qf4 Rd7 1/2-1/2

[Event "Women's Speed Chess Q7"]
[Site "chess.com INT"]
[Date "2021.06.06"]
[Round "7"]
[White "Perez Rodriguez, Jennifer"]
[Black "Mkrtchian, Lilit"]
[Result "1/2-1/2"]
[WhiteTitle "WIM"]
[BlackTitle "IM"]
[WhiteElo "2251"]
[BlackElo "2388"]
[WhiteFideId "3507831"]
[BlackFideId "13300601"]
[EventDate "2021.06.06"]

1. e4 e6 2. d4 d5 3. Bd3 dxe4 4. Bxe4 Nf6 5. Bf3 c5 6. Ne2 Nc6 7. Be3 cxd4 8.
Nxd4 Ne5 9. Nc3 a6 10. O-O Be7 11. Qe2 O-O 12. Rad1 Nxf3+ 13. Qxf3 Bd7 14. Nb3
Qc7 15. Rfe1 Bc6 16. Qg3 Qxg3 17. hxg3 Bb4 18. Bd4 Rfd8 19. a3 Bxc3 20. Bxc3 Nd5
21. Bd4 Ba4 22. Nc5 Bxc2 23. Rc1 Bg6 24. Nxb7 Rdc8 25. Nd6 Rxc1 26. Rxc1 f6 27.
b4 e5 28. Bc5 Nc7 29. a4 Ne6 30. Bb6 Bd3 31. Rc3 e4 32. f3 Ng5 33. fxe4 Bxe4 34.
Nxe4 Nxe4 35. Rc7 Re8 36. Ra7 Nc3 37. a5 Re6 38. Rxa6 Nd5 39. Ra8+ Kf7 40. Bc5
Nc3 41. a6 Nb5 42. a7 Ra6 43. Kf2 Kg6 44. Ke2 Ra3 45. Rb8 Nxa7 46. Ra8 Nb5 47.
Rxa3 Nxa3 48. Kd3 Kf5 49. Ke3 Ke6 50. Kd4 f5 51. Kc3 Kd5 52. Kb3 Nb5 53. Ka4 Kc6
54. Ka5 g6 55. Bf8 h5 56. Be7 Nc3 57. Bc5 Nb5 58. Be7 Nc3 59. Bg5 Nb5 60. Ka4
Nc3+ 61. Kb3 Nb5 62. Kc4 Nc7 63. Kd4 Ne6+ 64. Ke5 Nxg5 65. Kf6 Ne4+ 66. Kxg6
Nxg3 67. Kg5 Ne2 68. Kxf5 Kb5 69. Kg5 Kxb4 70. Kxh5 Nf4+ 71. Kg5 Nxg2 1/2-1/2

[Event "Women's Speed Chess Q7"]
[Site "chess.com INT"]
[Date "2021.06.06"]
[Round "7"]
[White "Purtseladze, Maka"]
[Black "Varshini, V"]
[Result "1/2-1/2"]
[WhiteTitle "IM"]
[BlackTitle "WGM"]
[WhiteElo "2274"]
[BlackElo "2226"]
[WhiteFideId "13602659"]
[BlackFideId "5091241"]
[EventDate "2021.06.06"]

1. Nf3 d5 2. b3 e6 3. Bb2 Nf6 4. e3 Be7 5. d4 O-O 6. Bd3 b6 7. Nbd2 Bb7 8. O-O
Nbd7 9. Ne5 c5 10. a4 Rc8 11. Nxd7 Qxd7 12. Qe2 Rfd8 13. Bb5 Qc7 14. c3 Ne4 15.
Nxe4 dxe4 16. Qh5 Bf6 17. Bc4 Bd5 18. Rac1 Qd7 19. Bxd5 Qxd5 20. Qxd5 exd5 21.
Rfd1 c4 22. b4 a6 23. f3 Re8 24. Kf2 Bh4+ 25. g3 Bg5 26. f4 Bd8 27. b5 a5 28.
Ba3 Be7 29. g4 Bxa3 30. Rc2 f6 31. h4 Kf7 32. Kg3 Bd6 33. Kf2 Rh8 34. h5 g6 35.
h6 Bf8 36. Rh1 Rg8 37. Kg2 Be7 38. Kg3 Bd6 39. Kg2 Rce8 40. Re2 Ke6 41. Kf2 Re7
42. Kg2 Rge8 43. Rf1 Rd7 44. Rc2 Bf8 45. Rh1 Kf7 46. Kf2 Rde7 47. Re2 Re6 48.
Rc2 Bd6 49. Re2 Bc7 50. Rb1 f5 51. g5 Bb8 52. Rc1 Bd6 53. Rb1 Ba3 54. Ra2 Bd6
55. Re2 Ra8 56. Ra1 Re7 57. Rc1 Rc7 58. Rb1 Be7 59. Kg3 Ba3 60. Ra2 Bb4 61. Rc2
Bd6 62. Rf1 Be7 63. Rff2 Bb4 64. Rf1 Bxc3 65. Rxc3 Rac8 66. Kf2 Ke6 67. Ke2 Kd6
68. Rfc1 Rd7 69. R1c2 Rdc7 70. Rc1 Re8 71. R1c2 Rec8 72. Rc1 1/2-1/2

[Event "Women's Speed Chess Q7"]
[Site "chess.com INT"]
[Date "2021.06.06"]
[Round "7"]
[White "Fernandez, Maria Florencia"]
[Black "Balabayeva, Xeniya"]
[Result "0-1"]
[WhiteTitle "WIM"]
[BlackTitle "WFM"]
[WhiteElo "2229"]
[BlackElo "2116"]
[WhiteFideId "116459"]
[BlackFideId "13719688"]
[EventDate "2021.06.06"]

1. d4 d5 2. c4 e6 3. Nc3 a6 4. Nf3 Nf6 5. Bg5 Be7 6. e3 O-O 7. Bd3 h6 8. Bh4 b6
9. O-O Bb7 10. Rc1 Nbd7 11. b3 c5 12. Bb1 g6 13. Qe2 Rc8 14. Rfd1 cxd4 15. exd4
dxc4 16. bxc4 Bxf3 17. Qxf3 Rxc4 18. d5 Rxh4 19. dxe6 fxe6 20. Bxg6 Qb8 21. g3
Rc4 22. Qe3 Kg7 23. Qxe6 Kxg6 24. Qxc4 Ne5 25. Qe6 Bc5 26. Ne4 Qc7 27. Nxc5 bxc5
28. Rd6 Nf3+ 29. Kg2 Ng5 30. Qd5 Kg7 31. Rxc5 Nxd5 32. Rxc7+ Nxc7 33. Rc6 Rf7
34. f4 Ne4 35. Kf3 Nf6 36. g4 Rd7 37. g5 hxg5 38. fxg5 Nfd5 39. h4 Re7 40. Kg4
Re4+ 41. Kh5 Nf4+ 42. Kg4 Nfe6+ 43. Kf5 Rxh4 44. Rc2 Rh5 45. Rg2 Rh4 46. Ke5 Rc4
47. Kd6 Rc5 48. Ke7 Rxg5 49. Rf2 Rg6 50. Rf7+ Kh6 51. Rf2 Rg7+ 52. Kd6 Rg6 53.
Rh2+ Kg7 54. Ke7 Nb5 55. Rf2 Ng5 56. Rf7+ Nxf7 57. a4 Rg2 58. a5 Ra2 59. Kd7
Rxa5 60. Kc6 Ra1 61. Kb6 a5 62. Kxb5 a4 63. Kb4 a3 64. Kb3 a2 65. Kb2 Rf1 66.
Kxa2 Kf6 67. Kb3 Rd1 68. Kc3 Rd8 69. Kc2 Ke5 70. Kc3 Ke4 71. Kc4 Rc8+ 72. Kb5
Kd5 73. Kb6 Nd6 74. Ka7 Kc6 75. Ka6 Ra8# 0-1

[Event "Women's Speed Chess Q7"]
[Site "chess.com INT"]
[Date "2021.06.06"]
[Round "8"]
[White "Nandhidhaa, P V"]
[Black "Morris-Suzuki, Sophie"]
[Result "0-1"]
[WhiteTitle "WGM"]
[BlackTitle "WFM"]
[WhiteElo "2365"]
[BlackElo "2043"]
[WhiteFideId "5050847"]
[BlackFideId "30922615"]
[EventDate "2021.06.06"]

1. b3 e5 2. Bb2 Nc6 3. Nf3 d5 4. Nxe5 Nxe5 5. Bxe5 Nf6 6. Bb2 Bd6 7. e3 O-O 8.
Be2 c5 9. d4 cxd4 10. exd4 Re8 11. O-O Ne4 12. Bf3 Bf5 13. Nd2 Re6 14. c4 Bxh2+
15. Kxh2 Qh4+ 16. Kg1 Rh6 17. g3 Qh2# 0-1

[Event "Women's Speed Chess Q7"]
[Site "chess.com INT"]
[Date "2021.06.06"]
[Round "8"]
[White "Koridze, Lile"]
[Black "Sliwicka, Alicja"]
[Result "0-1"]
[WhiteTitle "WFM"]
[BlackTitle "WIM"]
[WhiteElo "2016"]
[BlackElo "2308"]
[WhiteFideId "13612514"]
[BlackFideId "1150677"]
[EventDate "2021.06.06"]

1. d4 Nf6 2. c4 c5 3. d5 b5 4. cxb5 a6 5. bxa6 Bxa6 6. Nc3 g6 7. e4 Bxf1 8. Kxf1
d6 9. g3 Bg7 10. Kg2 O-O 11. Nf3 Nbd7 12. Qe2 Qa5 13. Nd2 Rfb8 14. Nc4 Qa6 15.
a4 Rb4 16. Re1 Qxc4 17. Qd1 Qb3 18. Qe2 Qc4 19. Qd1 Ne5 20. Re3 Nfg4 21. Re2 h5
22. Bf4 Nd3 23. Bg5 Nxb2 24. Rxb2 Rxb2 0-1

[Event "Women's Speed Chess Q7"]
[Site "chess.com INT"]
[Date "2021.06.06"]
[Round "8"]
[White "Vine, Elzbieta"]
[Black "Eswaran, Aksithi"]
[Result "1-0"]
[WhiteTitle "WFM"]
[BlackTitle "WCM"]
[WhiteElo "2138"]
[BlackElo "1745"]
[WhiteFideId "1119320"]
[BlackFideId "2083485"]
[EventDate "2021.06.06"]

1. e4 c5 2. Nc3 Nc6 3. f4 g6 4. Nf3 Bg7 5. Bc4 e6 6. O-O Nge7 7. f5 exf5 8. d3
O-O 9. Qe1 a6 10. Qh4 b5 11. Bb3 fxe4 12. Ng5 h6 13. Ngxe4 Nf5 14. Qh3 d5 15. g4
dxe4 16. gxf5 Bxf5 17. Rxf5 gxf5 18. Bxh6 Bxh6 19. Qxh6 exd3 20. Kh1 Ne5 21.
Rg1+ Ng6 22. Rxg6# 1-0

[Event "Women's Speed Chess Q7"]
[Site "chess.com INT"]
[Date "2021.06.06"]
[Round "8"]
[White "Bivol, Alina"]
[Black "Antolak, Julia"]
[Result "1-0"]
[WhiteTitle "WGM"]
[BlackTitle "WIM"]
[WhiteElo "2374"]
[BlackElo "2309"]
[WhiteFideId "4100123"]
[BlackFideId "1159569"]
[EventDate "2021.06.06"]

1. b3 Nf6 2. Bb2 e6 3. g3 Be7 4. Bg2 O-O 5. e3 c5 6. Ne2 Nc6 7. d3 d5 8. Nd2 b5
9. O-O Bb7 10. f4 Qd7 11. a4 a6 12. e4 dxe4 13. Nxe4 Nxe4 14. dxe4 Rfd8 15. Qe1
Nd4 16. Nxd4 cxd4 17. Rd1 Qc7 18. Qf2 Bc5 19. Rd3 Rd7 20. f5 exf5 21. Qxf5 Rad8
22. h4 Bf8 23. Rf2 Qc5 24. Qg4 Qe5 25. Bc1 g6 26. Bg5 Re8 27. Bf4 Qc5 28. Qxd7
Rxe4 29. Qxb7 Re1+ 30. Kh2 1-0

[Event "Women's Speed Chess Q7"]
[Site "chess.com INT"]
[Date "2021.06.06"]
[Round "8"]
[White "Zawadzka, Jolanta"]
[Black "Varshini, V"]
[Result "1-0"]
[WhiteTitle "WGM"]
[BlackTitle "WGM"]
[WhiteElo "2403"]
[BlackElo "2226"]
[WhiteFideId "1122320"]
[BlackFideId "5091241"]
[EventDate "2021.06.06"]

1. e4 c5 2. Nf3 d6 3. d4 cxd4 4. Nxd4 Nf6 5. f3 a6 6. c4 e6 7. Nc3 Be7 8. Be3
Qc7 9. Be2 b6 10. O-O Bb7 11. Qd2 Nbd7 12. a4 O-O 13. a5 bxa5 14. Nb3 Rac8 15.
Nxa5 Ba8 16. Rfc1 Nc5 17. b4 Ncd7 18. Na4 Ne5 19. c5 dxc5 20. Nxc5 Bxc5 21. Bxc5
Rfd8 22. Qe3 Nc6 23. Bxa6 Rb8 24. Nxc6 Bxc6 25. b5 Bxb5 26. Ba7 Qd7 27. Bxb8
Rxb8 28. Rab1 h6 29. Qc5 Rc8 30. Bxc8 1-0

[Event "Women's Speed Chess Q7"]
[Site "chess.com INT"]
[Date "2021.06.06"]
[Round "8"]
[White "Dong, Khanh Linh"]
[Black "Grigoryan, Meri"]
[Result "1-0"]
[WhiteTitle "WCM"]
[BlackTitle "WFM"]
[WhiteElo "1970"]
[BlackElo "2044"]
[WhiteFideId "12403040"]
[BlackFideId "13300571"]
[EventDate "2021.06.06"]

1. e4 c6 2. Nf3 d5 3. Nc3 dxe4 4. Nxe4 Bf5 5. Ng3 Bg6 6. h4 h6 7. Ne5 Qd6 8. d4
Nd7 9. Nxg6 Qxg6 10. c3 Ngf6 11. Bd3 Qg4 12. Qb3 Nb6 13. Bf5 Qxf5 14. Nxf5 e6
15. Ng3 Bd6 16. Be3 O-O 17. a4 Rab8 18. a5 Nbd5 19. Ne2 Ne4 20. Qc2 f5 21. g3
Nxe3 22. fxe3 Nxg3 23. Nxg3 Bxg3+ 24. Ke2 f4 25. exf4 Rxf4 26. Raf1 Rbf8 27.
Rxf4 Bxf4 28. Qg6 Rf6 29. Qg4 Kh7 30. Rg1 g5 31. hxg5 hxg5 32. Qh5+ Kg7 33. Rh1
Rf5 34. Qh8+ Kf7 35. Rh7+ Kg6 36. Qg7# 1-0

[Event "Women's Speed Chess Q7"]
[Site "chess.com INT"]
[Date "2021.06.06"]
[Round "8"]
[White "Szente Varga, Fruzsina"]
[Black "Dordzhieva, Dinara"]
[Result "0-1"]
[WhiteTitle "WFM"]
[BlackTitle "WGM"]
[WhiteElo "2100"]
[BlackElo "2311"]
[WhiteFideId "712264"]
[BlackFideId "24157570"]
[EventDate "2021.06.06"]

1. e4 c5 2. Nf3 d6 3. d4 cxd4 4. Qxd4 Nf6 5. Bb5+ Nc6 6. c4 Bd7 7. Qd3 a6 8.
Bxc6 bxc6 9. Nc3 c5 10. O-O g6 11. h3 Bg7 12. e5 Bf5 13. Qe3 dxe5 14. Qxc5 Rc8
15. Qe3 Rxc4 16. Nxe5 Rc8 17. Rd1 Qc7 18. Nf3 O-O 19. Nd4 Bd7 20. Qe2 e5 21. Nf3
Rfe8 22. Qxa6 e4 23. Nd4 Qe5 24. Be3 h5 25. Qe2 h4 26. a4 Bf8 27. a5 Bd6 28. a6
Qh2+ 29. Kf1 Qh1# 0-1

[Event "Women's Speed Chess Q7"]
[Site "chess.com INT"]
[Date "2021.06.06"]
[Round "8"]
[White "Pandey, Srishti"]
[Black "Zaksaite, Salomeja"]
[Result "1-0"]
[WhiteTitle "WFM"]
[BlackTitle "WIM"]
[WhiteElo "2026"]
[BlackElo "2202"]
[WhiteFideId "35093290"]
[BlackFideId "12801496"]
[EventDate "2021.06.06"]

1. e4 g6 2. d4 Bg7 3. Nc3 b6 4. Nf3 Bb7 5. Be2 e6 6. Bf4 Ne7 7. Qd2 h6 8. h4 d6
9. O-O-O Nd7 10. g4 f6 11. Rhg1 e5 12. Bh2 c6 13. dxe5 dxe5 14. Bc4 Qc7 15. Be6
O-O-O 16. g5 hxg5 17. hxg5 fxg5 18. Kb1 Kb8 19. Bxd7 Bc8 20. Qxg5 Rxd7 21. Rxd7
Qxd7 22. Nxe5 Qe6 23. Nxg6+ Kb7 24. Nxh8 1-0

[Event "Women's Speed Chess Q7"]
[Site "chess.com INT"]
[Date "2021.06.06"]
[Round "8"]
[White "Pham, Le Thao Nguyen"]
[Black "Arabidze, Meri"]
[Result "1-0"]
[WhiteTitle "IM"]
[BlackTitle "IM"]
[WhiteElo "2369"]
[BlackElo "2432"]
[WhiteFideId "12401226"]
[BlackFideId "13604040"]
[EventDate "2021.06.06"]

1. d4 d5 2. Nf3 e6 3. Bf4 Nf6 4. e3 Bd6 5. Bg3 c5 6. c3 Nc6 7. Nbd2 O-O 8. Bd3
b6 9. e4 Be7 10. e5 Nh5 11. a3 h6 12. Qe2 Bb7 13. h4 Nxg3 14. fxg3 f5 15. exf6
Rxf6 16. O-O Bd6 17. Ne5 Bxe5 18. dxe5 Rxf1+ 19. Rxf1 Qe7 20. Bc2 Rf8 21. Nf3 a6
22. Qd3 Rf5 23. g4 Rf4 24. Qh7+ Kf8 25. Bg6 Qd8 26. Qh8+ Ke7 27. Qxg7+ 1-0

[Event "Women's Speed Chess Q7"]
[Site "chess.com INT"]
[Date "2021.06.06"]
[Round "8"]
[White "Obregon Garcia, Roxangel"]
[Black "Nanditha, V"]
[Result "1-0"]
[WhiteTitle "WIM"]
[BlackTitle "WCM"]
[WhiteElo "2167"]
[BlackElo "1666"]
[WhiteFideId "3520420"]
[BlackFideId "46626697"]
[EventDate "2021.06.06"]

1. e4 c6 2. d4 d5 3. e5 c5 4. dxc5 e6 5. a3 Bxc5 6. Qg4 Bf8 7. Nf3 Nc6 8. Bd3
Qc7 9. Qg3 h5 10. h4 Nh6 11. b4 Nf5 12. Bxf5 exf5 13. O-O Be6 14. Re1 O-O-O 15.
Nbd2 Kb8 16. Nb3 Be7 17. Bf4 g5 18. Nxg5 Rhg8 19. Qe3 Bxg5 20. hxg5 Rg6 21. Rac1
d4 22. Qd3 h4 23. Nc5 Bd5 24. c4 Be4 25. Nxe4 fxe4 26. Rxe4 h3 27. g3 h2+ 28.
Kxh2 Rh8+ 29. Kg2 f5 30. exf6 Kc8 31. Bxc7 Kxc7 32. b5 Nd8 33. Rxd4 Ne6 34. Qxg6
Nxd4 35. Qg7+ Kb6 36. Qxh8 Ka5 37. f7 1-0

[Event "Women's Speed Chess Q7"]
[Site "chess.com INT"]
[Date "2021.06.06"]
[Round "8"]
[White "Tokhirjonova, Gulrukhbegim"]
[Black "Nguyen, Hong Anh"]
[Result "0-1"]
[WhiteTitle "WGM"]
[BlackTitle "WIM"]
[WhiteElo "2344"]
[BlackElo "1993"]
[WhiteFideId "14203626"]
[BlackFideId "12406732"]
[EventDate "2021.06.06"]

1. e4 c5 2. Nf3 Nc6 3. Bb5 g6 4. O-O Bg7 5. c3 Nf6 6. Qe2 O-O 7. d4 cxd4 8. cxd4
d6 9. h3 Qb6 10. Bxc6 bxc6 11. Nc3 Ba6 12. Qe1 Bxf1 13. Kxf1 a5 14. b3 c5 15.
Be3 cxd4 16. Bxd4 Qa6+ 17. Kg1 Rfc8 18. Rd1 h5 19. Na4 Rab8 20. e5 dxe5 21. Bxe5
Rb4 22. Bc3 Rb5 23. Qxe7 Nd5 24. Qd7 Nxc3 25. Nxc3 Bxc3 26. Rc1 Rbc5 27. Rd1 Bf6
28. Rd6 R5c6 29. Rd3 Rd8 30. Qxd8+ Bxd8 31. Rxd8+ Kg7 32. Ne5 Re6 33. Nc4 a4 34.
Rd3 axb3 35. axb3 Re1+ 36. Kh2 Qa7 37. Rf3 Qc7+ 38. g3 Qc6 39. Ne5 Rxe5 0-1

[Event "Women's Speed Chess Q7"]
[Site "chess.com INT"]
[Date "2021.06.06"]
[Round "8"]
[White "Frayna, Janelle Mae"]
[Black "Ziegenfuss, Antonia"]
[Result "1-0"]
[WhiteTitle "WGM"]
[BlackTitle "WFM"]
[WhiteElo "2179"]
[BlackElo "2157"]
[WhiteFideId "5212499"]
[BlackFideId "12962554"]
[EventDate "2021.06.06"]

1. d4 Nf6 2. c4 e6 3. Nc3 d5 4. cxd5 exd5 5. Bg5 c6 6. Qc2 h6 7. Bh4 Be6 8. e3
Nbd7 9. Bd3 g5 10. Bg3 Nh5 11. Nf3 Nxg3 12. hxg3 h5 13. O-O-O Be7 14. Kb1 Qa5
15. e4 Nb6 16. e5 O-O-O 17. Nd2 Nc4 18. Nb3 Qc7 19. f4 Kb8 20. Qf2 Bg4 21. Rde1
Bb4 22. f5 Bxc3 23. bxc3 Qb6 24. Ka1 a5 25. Rb1 a4 26. Nc5 Qa5 27. Rxb7+ Kc8 28.
Qc2 Ne3 29. Qb2 a3 30. Rb8+ 1-0